000 00582nam a22001937a 4500
005 20221130115522.0
008 221130b ||||| |||| 00| 0 eng d
040 _aIN-DiNC
_cIN-DiNC
041 _dasm
082 _a891.2
_bBHA
100 _aBhagawati, Kamakhya Charan
_eauthor
245 _aSanskrit sahityar jilingani/
_cby Kamakhya Charan Bhagawati
250 _a3rd ed.
260 _aGuwahati:
_bGranthapeeth,
_c2003.
300 _axi, 324p.
650 _aSanskrit literature
650 _aAnalytical appraisal of different aspects of Sanskrit literature
942 _2ddc
_cBK
999 _c11447
_d11447